000 00821cam a2200289 a 4500
001 16678759
003 Nust- CAS-E
005 20180118181359.0
008 110304s2011 maua 001 0 eng
010 _a 2011288011
020 _a9780136118480
020 _a0136118488
040 _aDLC
_cDLC
042 _apcc
050 0 0 _aTA177.4
_b.P369 2011
082 _a658.15
_bPAR 2011
100 1 _aPark, Chan S.
245 1 0 _aContemporary engineering economics /
_cChan S. Park.
250 _a5th ed.
260 _aBoston :
_bPrentice Hall,
_cc2011.
300 _axxiv, 936 p. :
_bill. ;
_c25 cm.
500 _aIncludes index.
650 0 _aEngineering economy.
906 _a7
_bcbc
_corigcop
_d2
_encip
_f20
_gy-gencatlg
942 _2ddc
_cBK
999 _c355361
_d355361